000 00471nam a2200181Ia 4500
008 240925s9999 xx 000 0 und d
020 _a9788172455293
082 _a650.03 WIL
100 _aWilson, Jennifer
245 0 _aGoodwill's Dictionary of Management
250 _aNA
260 _aNew Delhi:
_bGoodwill Publishing House
_cNA
300 _a269p.
_b0
_fOriginal
500 _aIncludes Index
600 _aSocial Sciences
650 _aManagement
942 _cBK
999 _c14188
_d14188